{"text_format":"3","workbook":"xlsx","n_sheets":1,"sheets":["t261"],"read":"whole","date_system":"1900"}

{"sheet":"t261","index":0,"n_rows":171,"n_cols":7,"rows_kept":171,"merged":[[0,0,0,6],[30,0,30,5],[48,0,48,5],[151,0,151,5]]}
["TABELA 261.1 - Estatísticas Agrícolas, Município de Itaporanga, Estado de São Paulo, 2007/08."]
["ITEM","UNIDADE","N.DE UPAs","MÍNIMO","MÉDIO","MÁXIMO","TOTAL"]
["Distância à sede do município","km",864,0.1,{"v":13.72,"d":"13.7"},{"v":36,"d":"36.0"},"-"]
["Área total","hectare",864,0.6,{"v":43.68,"d":"43.7"},{"v":1027.7,"d":"1,027.7"},{"v":37739.78,"d":"37,739.8"}]
["Área com cultura perene","hectare",81,0.1,5.8,48.2,470.2]
["Área com cultura temporária","hectare",382,0.1,{"v":12.25,"d":"12.3"},{"v":584,"d":"584.0"},{"v":4679.7,"d":"4,679.7"}]
["Área com pastagem","hectare",838,0.2,{"v":33.65,"d":"33.7"},950.3,{"v":28197.3,"d":"28,197.3"}]
["Área com reflorestamento","hectare",189,0.1,{"v":1.92,"d":"1.9"},65.3,363.6]
["Área com vegetação natural","hectare",696,0.1,{"v":5.24,"d":"5.2"},217.8,{"v":3648.57,"d":"3,648.6"}]
["Área com vegetação de brejo e várzea","hectare",52,0.1,{"v":2.63,"d":"2.6"},{"v":15,"d":"15.0"},136.9]
["Área em descanso","hectare",11,0.1,{"v":1.61,"d":"1.6"},4.8,17.7]
["Área complementar","hectare",766,0.1,{"v":0.29,"d":"0.3"},7.2,{"v":225.81,"d":"225.8"}]
["Área das UPAs com (0, 1] ha","hectare",1,0.6,0.6,0.6,0.6]
["Área das UPAs com (1, 2] ha","hectare",3,1.2,1.4,1.8,4.2]
["Área das UPAs com (2, 5] ha","hectare",56,2.4,{"v":3.78,"d":"3.8"},{"v":5,"d":"5.0"},{"v":211.65,"d":"211.7"}]
["Área das UPAs com (5, 10] ha","hectare",154,5.4,{"v":8.03,"d":"8.0"},{"v":10,"d":"10.0"},{"v":1237.24,"d":"1,237.2"}]
["Área das UPAs com (10, 20] ha","hectare",216,10.2,{"v":14.46,"d":"14.5"},{"v":20,"d":"20.0"},{"v":3122.72,"d":"3,122.7"}]
["Área das UPAs com (20, 50] ha","hectare",275,20.1,{"v":31.71,"d":"31.7"},{"v":50,"d":"50.0"},{"v":8721.39,"d":"8,721.4"}]
["Área das UPAs com (50, 100] ha","hectare",90,50.1,{"v":68.65,"d":"68.7"},{"v":98,"d":"98.0"},{"v":6178.64,"d":"6,178.6"}]
["Área das UPAs com (100, 200] ha","hectare",41,101.6,{"v":138.53,"d":"138.5"},193.6,{"v":5679.64,"d":"5,679.6"}]
["Área das UPAs com (200, 500] ha","hectare",19,{"v":206,"d":"206.0"},302.3,{"v":436,"d":"436.0"},{"v":5743.7,"d":"5,743.7"}]
["Área das UPAs com (500, 1.000] ha","hectare",8,532.4,{"v":726.54,"d":"726.5"},{"v":963,"d":"963.0"},{"v":5812.3,"d":"5,812.3"}]
["Área das UPAs com (1.000, 2.000] ha","hectare",1,{"v":1027.7,"d":"1,027.7"},{"v":1027.7,"d":"1,027.7"},{"v":1027.7,"d":"1,027.7"},{"v":1027.7,"d":"1,027.7"}]
["Área das UPAs com (2.000, 5.000] ha","hectare","-","-","-","-","-"]
["Área das UPAs com (5.000, 10.000] ha","hectare","-","-","-","-","-"]
["Área das UPAs acima de 10.000 ha","hectare","-","-","-","-","-"]
["Familiares do proprietário que trabalham na UPA","unidade",822,{"v":1,"d":"1.0"},{"v":2.14,"d":"2.1"},{"v":15,"d":"15.0"},{"v":1759,"d":"1,759.0"}]
["Trabalhadores permanentes","unidade",120,{"v":1,"d":"1.0"},{"v":1.64,"d":"1.6"},{"v":13,"d":"13.0"},{"v":197,"d":"197.0"}]
["Fonte: Secretaria de Agricultura e Abastecimento, CDRS/IEA, Projeto LUPA."]
[]
["TABELA 261.2 - Explorações Animais, Município de Itaporanga, Estado de São Paulo, 2007/08."]
["ITEM","UNIDADE","N.DE UPAs","MÍNIMO","MÉDIO","MÁXIMO","TOTAL"]
["Apicultura","colmeias",1,{"v":25,"d":"25.0"},{"v":25,"d":"25.0"},{"v":25,"d":"25.0"},{"v":25,"d":"25.0"}]
["Asininos E Muares","cabeças",95,{"v":1,"d":"1.0"},{"v":2.18,"d":"2.2"},{"v":15,"d":"15.0"},{"v":207,"d":"207.0"}]
["Avestruzes e Ema (Criadouro)","cabeças",2,{"v":1,"d":"1.0"},1.5,{"v":2,"d":"2.0"},{"v":3,"d":"3.0"}]
["Avicultura para Ovos","cabeças",4,{"v":20,"d":"20.0"},87.5,{"v":200,"d":"200.0"},{"v":350,"d":"350.0"}]
["Bovinocultura de Corte","cabeças",155,{"v":2,"d":"2.0"},{"v":120.09,"d":"120.1"},{"v":1270,"d":"1,270.0"},{"v":18614,"d":"18,614.0"}]
["Bovinocultura Leiteira","cabeças",126,{"v":2,"d":"2.0"},17.9,{"v":200,"d":"200.0"},{"v":2256,"d":"2,256.0"}]
["Bovinocultura Mista","cabeças",567,{"v":1,"d":"1.0"},{"v":28.38,"d":"28.4"},{"v":250,"d":"250.0"},{"v":16092,"d":"16,092.0"}]
["Bubalinocultura","cabeças",3,{"v":4,"d":"4.0"},{"v":12.67,"d":"12.7"},{"v":30,"d":"30.0"},{"v":38,"d":"38.0"}]
["Caprinocultura","cabeças",13,{"v":2,"d":"2.0"},{"v":25.85,"d":"25.9"},{"v":100,"d":"100.0"},{"v":336,"d":"336.0"}]
["Equinocultura","cabeças",476,{"v":1,"d":"1.0"},{"v":2.65,"d":"2.7"},{"v":26,"d":"26.0"},{"v":1262,"d":"1,262.0"}]
["Ovinocultura","cabeças",38,{"v":3,"d":"3.0"},{"v":26.05,"d":"26.1"},{"v":170,"d":"170.0"},{"v":990,"d":"990.0"}]
["Piscicultura","m² tanques",1,{"v":10,"d":"10.0"},{"v":10,"d":"10.0"},{"v":10,"d":"10.0"},{"v":10,"d":"10.0"}]
["Sericicultura","gramas larvas/ano",2,{"v":2,"d":"2.0"},{"v":5,"d":"5.0"},{"v":8,"d":"8.0"},{"v":10,"d":"10.0"}]
["Suinocultura","cabeças",173,{"v":1,"d":"1.0"},{"v":6.72,"d":"6.7"},{"v":53,"d":"53.0"},{"v":1162,"d":"1,162.0"}]
["Fonte: Secretaria de Agricultura e Abastecimento, CDRS/IEA, Projeto LUPA."]
[]
["TABELA 261.3 -  Máquinas, Implementos e Benfeitorias, Município de Itaporanga, Estado de São Paulo, 2007/08."]
["ITEM","UNIDADE","N.DE UPAs","MÍNIMO","MÉDIO","MÁXIMO","TOTAL"]
["Arado Comum (Bacia, Aiveca)","Unidade",149,{"v":1,"d":"1.0"},{"v":1.05,"d":"1.1"},{"v":4,"d":"4.0"},{"v":156,"d":"156.0"}]
["Arado Escarificador","Unidade",13,{"v":1,"d":"1.0"},{"v":1.23,"d":"1.2"},{"v":3,"d":"3.0"},{"v":16,"d":"16.0"}]
["Arado Subsolador","Unidade",12,{"v":1,"d":"1.0"},{"v":1,"d":"1.0"},{"v":1,"d":"1.0"},{"v":12,"d":"12.0"}]
["Batedeira de Cereais","Unidade",63,{"v":1,"d":"1.0"},{"v":1.08,"d":"1.1"},{"v":3,"d":"3.0"},{"v":68,"d":"68.0"}]
["Carregadeira de Cana","Unidade",16,{"v":1,"d":"1.0"},{"v":1,"d":"1.0"},{"v":1,"d":"1.0"},{"v":16,"d":"16.0"}]
["Colhedeira Acoplada","Unidade",7,{"v":1,"d":"1.0"},{"v":1,"d":"1.0"},{"v":1,"d":"1.0"},{"v":7,"d":"7.0"}]
["Colhedeira Automotriz","Unidade",4,{"v":1,"d":"1.0"},{"v":1.25,"d":"1.3"},{"v":2,"d":"2.0"},{"v":5,"d":"5.0"}]
["Conj.Irrigação Autopropelido","Unidade",1,{"v":2,"d":"2.0"},{"v":2,"d":"2.0"},{"v":2,"d":"2.0"},{"v":2,"d":"2.0"}]
["Conj.Irrigação Convencional","Unidade",9,{"v":1,"d":"1.0"},{"v":1.33,"d":"1.3"},{"v":3,"d":"3.0"},{"v":12,"d":"12.0"}]
["Conj.Irrigação Pivot Central","Unidade",4,{"v":1,"d":"1.0"},{"v":2,"d":"2.0"},{"v":5,"d":"5.0"},{"v":8,"d":"8.0"}]
["Conj.Irrigação/Gotejamento/Microaspersão","Unidade",3,{"v":1,"d":"1.0"},{"v":2,"d":"2.0"},{"v":4,"d":"4.0"},{"v":6,"d":"6.0"}]
["Conjunto de Fenação","Unidade",4,{"v":1,"d":"1.0"},{"v":1,"d":"1.0"},{"v":1,"d":"1.0"},{"v":4,"d":"4.0"}]
["Desintegrador de Palha (Plantio Direto)","Unidade",5,{"v":1,"d":"1.0"},1.4,{"v":3,"d":"3.0"},{"v":7,"d":"7.0"}]
["Desintegrador, Picador, Triturador","Unidade",179,{"v":1,"d":"1.0"},{"v":1.03,"d":"1.0"},{"v":2,"d":"2.0"},{"v":185,"d":"185.0"}]
["Distribuidor de Calcário","Unidade",23,{"v":1,"d":"1.0"},{"v":1.09,"d":"1.1"},{"v":2,"d":"2.0"},{"v":25,"d":"25.0"}]
["Ensiladeira","Unidade",9,{"v":1,"d":"1.0"},{"v":1,"d":"1.0"},{"v":1,"d":"1.0"},{"v":9,"d":"9.0"}]
["Grade Aradora (Tipo Romi)","Unidade",66,{"v":1,"d":"1.0"},{"v":1.03,"d":"1.0"},{"v":2,"d":"2.0"},{"v":68,"d":"68.0"}]
["Grade Niveladora","Unidade",111,{"v":1,"d":"1.0"},{"v":1.14,"d":"1.1"},{"v":4,"d":"4.0"},{"v":126,"d":"126.0"}]
["Implementos para Tração Animal","Unidade",160,{"v":1,"d":"1.0"},{"v":1.92,"d":"1.9"},{"v":20,"d":"20.0"},{"v":307,"d":"307.0"}]
["Misturador de Ração","Unidade",1,{"v":1,"d":"1.0"},{"v":1,"d":"1.0"},{"v":1,"d":"1.0"},{"v":1,"d":"1.0"}]
["Ordenhadeira Mecânica","Unidade",5,{"v":1,"d":"1.0"},{"v":2,"d":"2.0"},{"v":5,"d":"5.0"},{"v":10,"d":"10.0"}]
["Pulverizador Tratorizado","Unidade",39,{"v":1,"d":"1.0"},{"v":1.15,"d":"1.2"},{"v":3,"d":"3.0"},{"v":45,"d":"45.0"}]
["Resfriador de Leite, Tanque Expansão","Unidade",5,{"v":1,"d":"1.0"},{"v":1,"d":"1.0"},{"v":1,"d":"1.0"},{"v":5,"d":"5.0"}]
["Semeadeira/Adubadeira para Plantio Convencional","Unidade",63,{"v":1,"d":"1.0"},{"v":1.29,"d":"1.3"},{"v":10,"d":"10.0"},{"v":81,"d":"81.0"}]
["Semeadeira/Plantadeira Plantio Direto","Unidade",12,{"v":1,"d":"1.0"},{"v":1.17,"d":"1.2"},{"v":3,"d":"3.0"},{"v":14,"d":"14.0"}]
["Terraceador","Unidade",6,{"v":1,"d":"1.0"},{"v":1.33,"d":"1.3"},{"v":3,"d":"3.0"},{"v":8,"d":"8.0"}]
["Trator de Esteiras","Unidade",3,{"v":1,"d":"1.0"},{"v":1,"d":"1.0"},{"v":1,"d":"1.0"},{"v":3,"d":"3.0"}]
["Trator de Pneus","Unidade",208,{"v":1,"d":"1.0"},1.3,{"v":13,"d":"13.0"},{"v":271,"d":"271.0"}]
["Açude/Represa","Unidade",213,{"v":1,"d":"1.0"},{"v":1.57,"d":"1.6"},{"v":9,"d":"9.0"},{"v":334,"d":"334.0"}]
["Almoxarifado/Oficina","Unidade",8,{"v":1,"d":"1.0"},{"v":1.25,"d":"1.3"},{"v":2,"d":"2.0"},{"v":10,"d":"10.0"}]
["Armazém para Grãos Ensacados","Sacas",16,{"v":1,"d":"1.0"},{"v":32.31,"d":"32.3"},{"v":500,"d":"500.0"},{"v":517,"d":"517.0"}]
["Balança para Bovinos","Unidade",11,{"v":1,"d":"1.0"},{"v":1,"d":"1.0"},{"v":1,"d":"1.0"},{"v":11,"d":"11.0"}]
["Barracão para Granja/Avicultura","Unidade",3,{"v":1,"d":"1.0"},{"v":1.33,"d":"1.3"},{"v":2,"d":"2.0"},{"v":4,"d":"4.0"}]
["Barracão/Galpão/Garagem","Unidade",395,{"v":1,"d":"1.0"},{"v":1.18,"d":"1.2"},{"v":5,"d":"5.0"},{"v":467,"d":"467.0"}]
["Biodigestor","Unidade",2,{"v":1,"d":"1.0"},1.5,{"v":2,"d":"2.0"},{"v":3,"d":"3.0"}]
["Casa de Moradia Habitada","Unidade",579,{"v":1,"d":"1.0"},{"v":1.31,"d":"1.3"},{"v":6,"d":"6.0"},{"v":756,"d":"756.0"}]
["Casa de Moradia Total","Unidade",602,{"v":1,"d":"1.0"},{"v":1.39,"d":"1.4"},{"v":8,"d":"8.0"},{"v":835,"d":"835.0"}]
["Curral/Mangueira","Unidade",579,{"v":1,"d":"1.0"},{"v":1.05,"d":"1.1"},{"v":3,"d":"3.0"},{"v":608,"d":"608.0"}]
["Depósito/Tulha","Unidade",204,{"v":1,"d":"1.0"},{"v":1.09,"d":"1.1"},{"v":3,"d":"3.0"},{"v":223,"d":"223.0"}]
["Engenho","Unidade",1,{"v":1,"d":"1.0"},{"v":1,"d":"1.0"},{"v":1,"d":"1.0"},{"v":1,"d":"1.0"}]
["Estábulo","Unidade",9,{"v":1,"d":"1.0"},{"v":1,"d":"1.0"},{"v":1,"d":"1.0"},{"v":9,"d":"9.0"}]
["Estufa/Plasticultura","m²",39,{"v":1,"d":"1.0"},{"v":417.15,"d":"417.2"},{"v":2500,"d":"2,500.0"},{"v":16269,"d":"16,269.0"}]
["Fábrica de Ração","Unidade",1,{"v":1,"d":"1.0"},{"v":1,"d":"1.0"},{"v":1,"d":"1.0"},{"v":1,"d":"1.0"}]
["Instalações para Equinos","Unidade",7,{"v":1,"d":"1.0"},{"v":1.14,"d":"1.1"},{"v":2,"d":"2.0"},{"v":8,"d":"8.0"}]
["Pocilga","Unidade",35,{"v":1,"d":"1.0"},{"v":1.03,"d":"1.0"},{"v":2,"d":"2.0"},{"v":36,"d":"36.0"}]
["Poço Semi-Artesiano","Unidade",7,{"v":1,"d":"1.0"},{"v":1,"d":"1.0"},{"v":1,"d":"1.0"},{"v":7,"d":"7.0"}]
["Secador de Grãos","Unidade",1,{"v":1,"d":"1.0"},{"v":1,"d":"1.0"},{"v":1,"d":"1.0"},{"v":1,"d":"1.0"}]
["Silo para Grãos","t",2,{"v":1,"d":"1.0"},{"v":1,"d":"1.0"},{"v":1,"d":"1.0"},{"v":2,"d":"2.0"}]
["Silo para Silagem","t",2,{"v":6,"d":"6.0"},{"v":103,"d":"103.0"},{"v":200,"d":"200.0"},{"v":206,"d":"206.0"}]
["Terreiro","m²",39,{"v":1,"d":"1.0"},{"v":222.77,"d":"222.8"},{"v":1200,"d":"1,200.0"},{"v":8688,"d":"8,688.0"}]
["Fonte: Secretaria de Agricultura e Abastecimento, CDRS/IEA, Projeto LUPA."]
[]
["TABELA 261.4 - Outras Estatísticas Agrícolas, Município de Itaporanga, Estado de São Paulo, 2007/08."]
["ITEM","Número de UPAs",null,"Percentual"]
["Faz Parte de Associação de Produtores",55,null,{"v":6.358381502890174,"d":"6.4"}]
["Faz Parte de Cooperativa de Produtores",67,null,{"v":7.745664739884393,"d":"7.7"}]
["Faz Parte do Sindicato de Produtores",8,null,{"v":0.9248554913294798,"d":"0.9"}]
["Não utiliza assistência técnica ",500,null,{"v":57.80346820809248,"d":"57.8"}]
["Utiliza somente assistência técnica governamental ",329,null,{"v":38.03468208092485,"d":"38.0"}]
["Utiliza somente assistência técnica privada ",23,null,{"v":2.658959537572254,"d":"2.7"}]
["Utiliza assistência técnica tanto governamental quanto privada",12,null,{"v":1.3872832369942198,"d":"1.4"}]
["Utiliza Crédito Rural",41,null,{"v":4.7398843930635834,"d":"4.7"}]
["Utiliza Seguro Rural",2,null,{"v":0.23121387283236994,"d":"0.2"}]
["Utiliza Escrituração Agrícola",25,null,{"v":2.8901734104046244,"d":"2.9"}]
["Acessa Internet p/ Fins na Agropecuária",78,null,{"v":9.017341040462428,"d":"9.0"}]
["Utiliza Computador nas Atividades Agropecuárias",15,null,{"v":1.7341040462427746,"d":"1.7"}]
["Utiliza Energia Elétrica Para Uso na Atividade Agrícola",697,null,{"v":80.57803468208093,"d":"80.6"}]
["Realiza Análise de Solo, quando necessário",95,null,{"v":10.982658959537572,"d":"11.0"}]
["Utiliza Práticas de Conservação de Solo, quando necessário",416,null,{"v":48.092485549132945,"d":"48.1"}]
["Faz Adubação Mineral, quando necessário",258,null,{"v":29.826589595375722,"d":"29.8"}]
["Faz Adubação Orgânica, quando necessário",94,null,{"v":10.867052023121387,"d":"10.9"}]
["Faz Adubação Verde, quando necessário",14,null,{"v":1.6184971098265897,"d":"1.6"}]
["Utiliza Manejo Integrado de Pragas (MIP)","-",null,"-"]
["Utiliza Hidroponia","-",null,"-"]
["Utiliza Plasticultura",58,null,{"v":6.705202312138729,"d":"6.7"}]
["Utiliza Mudas Fiscalizadas",30,null,{"v":3.468208092485549,"d":"3.5"}]
["Utiliza Semente Melhorada",217,null,{"v":25.086705202312135,"d":"25.1"}]
["Faz Confinamento de Bovinos",3,null,{"v":0.34682080924855496,"d":"0.3"}]
["Utiliza Pastejo Intensivo",104,null,{"v":12.023121387283236,"d":"12.0"}]
["Faz Inseminação Artificial",11,null,{"v":1.271676300578035,"d":"1.3"}]
["Faz Mineralização do Rebanho",719,null,{"v":83.12138728323698,"d":"83.1"}]
["Faz Vermifugação do Rebanho",730,null,{"v":84.39306358381502,"d":"84.4"}]
["Possui Parceiros /Arrendatários na Exploração Animal",52,null,{"v":6.011560693641619,"d":"6.0"}]
["Esporte e lazer",1,null,{"v":0.11560693641618497,"d":"0.1"}]
["Extração mineral",1,null,{"v":0.11560693641618497,"d":"0.1"}]
["Hotel Fazenda, Pousada ou SPA","-",null,"-"]
["Pesque-pague",1,null,{"v":0.11560693641618497,"d":"0.1"}]
["Restaurante ou Lanchonete","-",null,"-"]
["Transformação artesanal","-",null,"-"]
["Turismo rural ou ecoturismo","-",null,"-"]
["Outras atividades econômicas rurais","-",null,"-"]
["Agroindústria",1,null,{"v":0.11560693641618497,"d":"0.1"}]
["Proprietário sem instrução ou com instrução incompleta",143,null,{"v":16.53179190751445,"d":"16.5"}]
["Proprietário com antigo primário completo",513,null,{"v":59.30635838150289,"d":"59.3"}]
["Proprietário com 1° grau (ou antigo ginasial) completo",45,null,{"v":5.202312138728324,"d":"5.2"}]
["Proprietário com 2° grau (ou antigo colegial) completo",106,null,{"v":12.254335260115607,"d":"12.3"}]
["Proprietário com curso superior completo ",55,null,{"v":6.358381502890174,"d":"6.4"}]
["Pessoa Jurídica",2,null,{"v":0.23121387283236994,"d":"0.2"}]
["Proprietário residente na própria UPA ",429,null,{"v":49.595375722543345,"d":"49.6"}]
["Fonte: Secretaria de Agricultura e Abastecimento, CDRS/IEA, Projeto LUPA."]
[]
["TABELA 261.5 - Área Cultivada, Município de Itaporanga, Estado de São Paulo, 2007/08."]
["CULTURA","N.DE UPAs","MÍNIMO","MÉDIO","MÁXIMO","TOTAL"]
["Braquiaria",838,0.2,{"v":33.59,"d":"33.6"},950.3,{"v":28146.8,"d":"28,146.8"}]
["Milho",251,0.1,{"v":15.06,"d":"15.1"},{"v":342,"d":"342.0"},{"v":3779.5,"d":"3,779.5"}]
["Cana-de-acucar",125,0.1,{"v":3.17,"d":"3.2"},246.8,396.5]
["Cafe",68,0.4,{"v":5.57,"d":"5.6"},45.5,{"v":379,"d":"379.0"}]
["Eucalipto",186,0.1,{"v":1.78,"d":"1.8"},65.3,331.7]
["Soja",1,{"v":242,"d":"242.0"},{"v":242,"d":"242.0"},{"v":242,"d":"242.0"},{"v":242,"d":"242.0"}]
["Feijao",13,1.2,{"v":17.93,"d":"17.9"},72.6,233.1]
["Laranja",2,0.1,{"v":24.15,"d":"24.2"},48.2,48.3]
["Capim-napier (ou capim-elefante)",93,0.1,{"v":0.52,"d":"0.5"},3.8,48.1]
["Banana",5,0.1,{"v":8.08,"d":"8.1"},36.3,40.4]
["Pinus",5,4.9,{"v":6.38,"d":"6.4"},{"v":7,"d":"7.0"},31.9]
["Pepino",60,0.1,{"v":0.47,"d":"0.5"},2.4,27.9]
["Mandioca",15,0.2,{"v":0.75,"d":"0.8"},{"v":5,"d":"5.0"},11.3]
["Outras gramineas para pastagem",1,2.4,2.4,2.4,2.4]
["Pomar domestico",10,0.1,{"v":0.15,"d":"0.2"},0.5,1.5]
["Uva fina",1,{"v":1,"d":"1.0"},{"v":1,"d":"1.0"},{"v":1,"d":"1.0"},{"v":1,"d":"1.0"}]
["Pimentao",1,0.1,0.1,0.1,0.1]
["Fonte: Secretaria de Agricultura e Abastecimento, CDRS/IEA, Projeto LUPA."]